000 00312nam a22001337a 4500
008 170527b xxu||||| |||| 00| 0 eng d
020 _a0070041237
041 _aeng
080 _a621
100 _a26
101 _aIM
245 _aSTANDARD HANDBOOK FOR MECHANICAL ENGINEERS
_cBAUMEISTER, TH
942 _2udc
_cBK
999 _c14657
_d14657